00421nam a2200157Ia 45000010006000000050017000060080041000230410008000640820016000721000031000882450086001192600009002053000033002146500008002476540008002551354120260306164808.0260306t1996||||xx |||||||||||||| ||spa|| aESP a004.6bS743 aSheldon, Tom (coord.)eAUT 0aGuia LAN times de interoperabilidad:bsoluciones para la interconectividad en red c1996 axxx, 424 páginas :c24 cm. aGEN aCCC